000
003170000a22001450004500
003
MACL
040
_a
MACL
090
_c
32652
_d
32650
100
_a
Burcham, W E
245
_a
Nuclear and Particle Physics
260
_b
Addison Wesley Longman
_c
1998
350
_a
765
650
_a
Physics
942
_c
BOOK
_k
530.4/BUR
999
_c
32318
_d
32318